Catálogo
 En Linea

Vargas Torres en la poesía y en la prosa / (Registro nro. 6923)

Detalles MARC
000 -CABECERA
campo de control de longitud fija 01088cam a2200241 a 4500
001 - NÚMERO DE CONTROL
campo de control 000007142
005 - FECHA Y HORA DE LA ÚLTIMA TRANSACCIÓN
campo de control 20200929154058.0
008 - DATOS DE LONGITUD FIJA--INFORMACIÓN GENERAL
campo de control de longitud fija 890207s1987 ec a b f001 p spa
040 ## - FUENTE DE LA CATALOGACIÓN
Centro catalogador/agencia de origen DO-SdBNP
Lengua de catalogación spa
Centro/agencia transcriptor BNPHU
082 ## - NÚMERO DE LA CLASIFICACIÓN DECIMAL DEWEY
Número de clasificación 923.59866
Número de documento/Ítem V297E
245 00 - MENCIÓN DE TÍTULO
Título Vargas Torres en la poesía y en la prosa /
Mención de responsabilidad, etc. antología compilada por Nelson Estupiñán Bass.
260 ## - PUBLICACIÓN, DISTRIBUCIÓN, ETC.
Lugar de publicación, distribución, etc. Quito, Ecuador :
Nombre del editor, distribuidor, etc. Comisión Nacional Permanente de Conmemoraciones Cívicas :
-- Casa de la Cultura Ecuatoriana "Benjamín Carrión",
Fecha de publicación, distribución, etc. 1987.
300 ## - DESCRIPCIÓN FÍSICA
Extensión 140 p. :
Otras características físicas il. ;
Dimensiones 18 cm.
490 1# - MENCIÓN DE SERIE
Mención de serie Casa de la Cultura Ecuatoriana "Benjamín Carrión"
Designación de volumen o secuencia no. 3
500 ## - NOTA GENERAL
Nota general Primer centenario de la Muerte de Luis Vargas Torres.
504 ## - NOTA DE BIBLIOGRAFÍA, ETC.
Nota de bibliografía, etc. Bibliografía: p. 137.
600 14 - PUNTO DE ACCESO ADICIONAL DE MATERIA--NOMBRE DE PERSONA
Nombre de persona VARGAS TORRES, LUIS,
Fechas asociadas al nombre 1855-1887
9 (RLIN) 19814
650 #4 - PUNTO DE ACCESO ADICIONAL DE MATERIA--TÉRMINO DE MATERIA
Término de materia o nombre geográfico como elemento de entrada Poesía ecuatoriana
9 (RLIN) 13387
650 #4 - PUNTO DE ACCESO ADICIONAL DE MATERIA--TÉRMINO DE MATERIA
Término de materia o nombre geográfico como elemento de entrada Literatura ecuatoriana
9 (RLIN) 3938
651 #4 - PUNTO DE ACCESO ADICIONAL DE MATERIA--NOMBRE GEOGRÁFICO
Nombre geográfico Ecuador
Subdivisión general Historia
Subdivisión cronológica 1830-1895
Subdivisión general Colecciones Literarias
9 (RLIN) 19815
700 1# - PUNTO DE ACCESO ADICIONAL--NOMBRE DE PERSONA
Nombre de persona Estupiñán Bass, Nelson,
Fechas asociadas al nombre 1912-2002
Término indicativo de función/relación comp.
9 (RLIN) 19816
830 #0 - PUNTO DE ACCESO ADICIONAL DE SERIE-TÍTULO UNIFORME
Título uniforme Casa de la Cultura Ecuatoriana "Benjamín Carrión" ;
Designación de volumen o secuencia no. 3.
9 (RLIN) 19817
Existencias
Estado de retiro Estado de pérdida Restricciones de uso No para préstamo Código de colección Localización permanente Ubicación/localización actual Ubicación en estantería Fecha de adquisición Número de inventario Total de préstamos Signatura topográfica completa Código de barras Fecha visto por última vez Precio válido a partir de Tipo de ítem Koha
    Préstamo interno   Monografías: Libros y Folletos General General En catalogación 04.09.2009 LF1   923.59866 V297E 7142-10 25.06.2020 25.06.2020 Préstamo interno

Con tecnología Koha